[Event "RUS-ch IPCA"]
[Site "Volgograd"]
[Date "2017.05.03"]
[Round "4"]
[White "Kadyrov, Ravil"]
[Black "Khudov, Mikhail"]
[Result "0-1"]
[WhiteElo "1913"]
[BlackElo "2113"]
[PlyCount "138"]
[EventDate "2017.04.30"]
[EventType "swiss"]
[EventRounds "9"]
[EventCountry "RUS"]
[SourceTitle "CBM 178 Extra"]
[Source "ChessBase"]
[SourceDate "2017.06.22"]
[SourceVersion "1"]
[SourceVersionDate "2017.06.22"]
[SourceQuality "1"]

1. c4 Nf6 2. Nc3 g6 3. Nf3 Bg7 4. d4 0-0 5. g3 d6 6. Bg2 Nbd7 7. 0-0 c5 8. e3 Rb8 9. b3 a6 10. a4 b6 11. Bb2 Bb7 12. d5 Ne8 13. Qd2 e5 14. dxe6 fxe6 15. Ne1 Ne5 16. f4 Bxg2 17. Nxg2 Nc6 18. Rad1 Qe7 19. Ne1 Rd8 20. Nf3 Nc7 21. e4 Nd4 22. Nxd4 Bxd4+ 23. Kg2 Qg7 24. Ba1 d5 25. exd5 exd5 26. Nxd5 Nxd5 27. Bxd4 cxd4 28. cxd5 Rxd5 29. Qd3 b5 30. Qe4 Qd7 31. Rfe1 bxa4 32. bxa4 Rd8 33. Qe6+ Qxe6 34. Rxe6 Ra5 35. Kf3 Rxa4 36. Rd3 Kf7 37. Re4 Rd5 38. g4 a5 39. h4 Rb4 40. Re2 a4 41. Rc2 Rb3 42. Ke4 Rxd3 43. Kxd3 Rd7 44. Ra2 Ra7 45. Ra3 h5 46. gxh5 gxh5 47. Kxd4 Kf6 48. Ke4 Ra8 49. Ke3 Kf5 50. Kf3 Ra7 51. Kg3 Ke4 52. Kh3 Kxf4 53. Kh2 Kg4 54. Kg2 Kxh4 55. Kh2 Kg4 56. Kg2 Kf4 57. Kf2 Ke4 58. Ke2 Kd4 59. Kd2 Kc4 60. Kc2 Kb4 61. Rh3 Rh7 62. Kb2 h4 63. Kc2 Rc7+ 64. Kb2 Rc4 65. Rh2 Kc5 66. Rf2 Kd5 67. Rf8 Ke5 68. Rf7 Rf4 69. Rh7 Ke4 0-1

[Event "RUS IPCA-ch"]
[Site "Nalchik"]
[Date "2014.05.09"]
[Round "9"]
[White "Alpatsky, Sergey"]
[Black "Kadyrov, Ravil"]
[Result "1-0"]
[WhiteElo "1841"]
[BlackElo "1929"]
[PlyCount "62"]
[EventDate "2014.05.01"]
[EventType "swiss"]
[EventRounds "9"]
[EventCountry "RUS"]
[SourceTitle "CBM 160 Extra"]
[Source "ChessBase"]
[SourceDate "2014.07.01"]
[SourceVersion "1"]
[SourceVersionDate "2014.07.01"]
[SourceQuality "1"]

1. e4 c6 2. f4 d5 3. e5 e6 4. Nf3 c5 5. Be2 Nc6 6. c3 a6 7. a4 Nh6 8. Na3 Qb6 9. d3 Na5 10. Ra2 Qb3 11. Qxb3 Nxb3 12. 0-0 Be7 13. Be3 Nf5 14. Bf2 0-0 15. Nc2 Bd7 16. g4 Nh6 17. h3 b5 18. a5 c4 19. Ncd4 Nc5 20. Rd1 Rfc8 21. Be3 Rab8 22. f5 exf5 23. g5 f4 24. Bxf4 Nf5 25. e6 Nxd4 26. Nxd4 Nxe6 27. Bxb8 Nxd4 28. cxd4 Rxb8 29. h4 Bd6 30. Bf3 Be6 31. Kf2 g6 1-0

[Event "RUS IPCA-ch"]
[Site "Nalchik"]
[Date "2014.05.06"]
[Round "6"]
[White "Kadyrov, Ravil"]
[Black "Krechetov, Sergey Vlad"]
[Result "0-1"]
[WhiteElo "1929"]
[BlackElo "1980"]
[PlyCount "52"]
[EventDate "2014.05.01"]
[EventType "swiss"]
[EventRounds "9"]
[EventCountry "RUS"]
[SourceTitle "CBM 160 Extra"]
[Source "ChessBase"]
[SourceDate "2014.07.01"]
[SourceVersion "1"]
[SourceVersionDate "2014.07.01"]
[SourceQuality "1"]

1. d4 d5 2. c4 c6 3. Nc3 Nf6 4. Nf3 g6 5. h3 Bg7 6. Bg5 Ne4 7. Bd2 Nxd2 8. Qxd2 dxc4 9. a4 Qa5 10. e3 b5 11. Be2 a6 12. 0-0 Qb6 13. axb5 cxb5 14. b3 cxb3 15. Bxb5+ Bd7 16. Bxd7+ Nxd7 17. Rfb1 0-0 18. Na4 Qb7 19. Qc3 Rab8 20. Ra3 Rfc8 21. Qxb3 Qe4 22. Qxf7+ Kxf7 23. Ng5+ Kg8 24. Rxb8 Qc6 25. Rxc8+ Qxc8 26. Rc3 Qb7 0-1